000 00418 a2200169 4500
003 Nust
005 20170207153350.0
040 _cNust
082 _a005.1
100 _aRiaz , Salman NC BESE-03
245 _aNetwork Security Manager
_cNC Salman Riaz & NC Shahid Hameed BESE-03
260 _bMCS
_c2001
300 _a73 p
538 _aAlmirah No.71 Shelf No.3
650 _aUG Projects
651 _aUG CS Projects
942 _cTHS
999 _c184526
_d184526